| 000 | 00438nam a2200145Ia 4500 | ||
|---|---|---|---|
| 008 | 210716s1965 xx 000 0 und d | ||
| 041 | _aeng | ||
| 082 | _a321.8 TEMR | ||
| 100 | _aTemplin, Ralph T. | ||
| 245 |
_aDemocracy and nonviolence: the role of the individual in world crisis. _bRole of the individual in world crisis. |
||
| 250 | _a1 | ||
| 260 |
_aBoston _bPorter sargent publishers Inc _c1965 |
||
| 300 | _a334 | ||
| 650 | _aNone | ||
| 999 |
_c201324 _d201324 |
||